| 000 | 00351 a2200133 4500 | ||
|---|---|---|---|
| 245 |
_aVictorian high society _hprint |
||
| 020 | _a0841906432 | ||
| 700 | _aMargetson, Stella. | ||
| 650 | _aProgramming | ||
| 005 | 20191017174103.0 | ||
| 260 |
_anyu _bHolmes & Meier _c1980 |
||
| 084 | _aDA533 .M29 1980 | ||
| 300 |
_a216 p. _b 26 cm. _c216 p. ; 26 cm. |
||
| 500 | _aStella Margetson. | ||
| 999 |
_c11146 _d11146 |
||